Tratado teórico-práctico de medicina legal y toxicología / (Record no. 100610)

MARC details
000 -LEADER
campo de control de longitud fija 00847nam a2200241 i 4500
001 - NÚMERO DE CONTROL
campo de control 100610
003 - IDENTIFICADOR DE NÚMERO DE CONTROL
campo de control ES-MaACL
005 - FECHA Y HORA DE LA ÚLTIMA TRANSACCIÓN
campo de control 20250806060942.0
007 - CAMPO FIJO DE DESCRIPCIÓN FÍSICA--INFORMACIÓN GENERAL
campo de control de longitud fija t|
008 - DATOS DE LONGITUD FIJA--INFORMACIÓN GENERAL
campo de control de longitud fija 050930s1912 sp ||||1| spa d
100 1# - ENTRADA PRINCIPAL--NOMBRE DE PERSONA
Nombre de persona Mata, Pedro,
Fechas asociadas al nombre 1811-1877
9 (RLIN) 78886
245 10 - MENCIÓN DEL TÍTULO
Título Tratado teórico-práctico de medicina legal y toxicología /
Mención de responsabilidad, etc. por el Dr. D. Pedro Mata.
250 ## - MENCION DE EDICION
Mención de edición 6ª ed.
260 ## - PUBLICACIÓN, DISTRIBUCIÓN, ETC.
Lugar de publicación, distribución, etc. Madrid :
Nombre del editor, distribuidor, etc. Bailly-Baillière,
Fecha de publicación, distribución, etc. 1912.
300 ## - DESCRIPCIÓN FÍSICA
Extensión 5 v. ;
Dimensiones 22 cm.
505 8# - NOTA DE CONTENIDO CON FORMATO
Nota de contenido con formato Contiene: I-III. La medicina legal / por Lozano Caparrós - IV-V. La toxicología / por Adriano Alonso Martínez
650 #7 - PUNTO DE ACCESO ADICIONAL DE MATERIA--TÉRMINO DE MATERIA
Término de materia o nombre geográfico como elemento de entrada Medicina legal
Fuente del encabezamiento o término embne
9 (RLIN) 14928
650 #4 - PUNTO DE ACCESO ADICIONAL DE MATERIA--TÉRMINO DE MATERIA
Término de materia o nombre geográfico como elemento de entrada Toxicología.
9 (RLIN) 136941
700 1# - ENTRADA AGREGADA--NOMBRE PERSONAL
Nombre de persona Lozano Caparrós, Eduardo.
9 (RLIN) 74436
700 1# - ENTRADA AGREGADA--NOMBRE PERSONAL
Nombre de persona Alonso Martínez, Adriano.
9 (RLIN) 20353
852 ## - LOCALIZACIÓN
Ubicación ES-MaACL
Número de control de estantería F-14617-21
Holdings
Estatus retirado Estado de pérdida Estado de daño No para préstamo Biblioteca de origen Biblioteca actual Ubicación en estantería Fecha de adquisición Fuente de adquisición Total de préstamos Signatura topográfica completa Código de barras Visto por última vez Precio de reemplazo Tipo de ítem Koha
        Biblioteca del Ateneo de Madrid Biblioteca del Ateneo de Madrid Sala Pecera Planta 2 17/01/2008     F-14617-21 1105042 23/02/2023 23/02/2023 Libro impreso